Normal view MARC view
  • Reforma educativa

Entry Materia

Number of records used in: 1

001 - NÚMERO DE CONTROL DEL REGISTRO

  • campo de control: 8091

003 - IDENTIFICADOR DE NUMERO DE CONTROL

  • campo de control: MX-MxUPN

005 - FECHA Y HORA DE LA ÚLTIMA TRANSACCIÓN

  • campo de control: 20260323142802.0

008 - DATOS DE LONGITUD FIJA

  • campo de control de longitud fija: 260323n| fcnnnbabn a ana |d

035 ## - NÚMERO DE CONTROL DEL SISTEMA

  • Número de control del sistema: UPN10000008096

040 ## - FUENTE DE LA CATALOGACIÓN

  • Centro catalogador de origen: MX-MxUPN
  • Lengua de catalogación: spa
  • Agencia de transcripción: MX-MxUPN

150 ## - ENCABEZAMIENTO - TEMÁTICO

  • Término de materia o nombre geográfico como elemento inicial: Reforma educativa
  • Subdivisión geográfica: Brasil

450 ## - VÉASE - MATERIA

  • Subcampo de control: nno
  • Encabezamiento temático: Cambio educativo
  • Subdivisión geográfica: Brasil

670 ## - FUENTE EN LA QUE SE LOCALIZARON DATOS

  • Cita de la fuente: LC
  • Información localizada: Educational change - Brazil

670 ## - FUENTE EN LA QUE SE LOCALIZARON DATOS

  • Cita de la fuente: Autoridades BGTQ, 23 marzo 2026:
  • Información localizada: (Reforma educativa -- Brasil)

902 ## - CATALOGADOR

  • Catalogador: MITM/051107
  • Catalogador: Víctor Ruiz/230326